000 00632nam a22001937a 4500
005 20160808145448.0
010 _aENG-115665
020 _a9789385285394
_c495.00
035 _aEN-99197
037 _bDBAD/PUB
082 _a291.092
245 _aRaimundo Panikkar a Pilgrim across worlds /
_cedited by Kapila Vatsyayan [and] Come Carpentier de Gourdon
260 _aNew Delhi
_bNiyogi Books
_c2016
270 _aD-78,Okhla Industrial Area,Phase-I
_bNew Delhi
_e110020
300 _a271p.
_c23cm(pbk)
700 _aVatsyayan,Kapila
700 _a Gourdon,Come Carpentier de
942 _2ddc
_cEN
_h291.092
_mRAI
999 _c101929
_d101929